Estudio de escurrimiento y la contaminación en la cuenca de la Quebrada Seca

Gorde:
Xehetasun bibliografikoak
Egile nagusia: Marin Rivera, Mario
Formatua: Liburua
Argitaratua: San José, Costa Rica 1991
Gaiak:
Etiketak: Etiketa erantsi
Etiketarik gabe, Izan zaitez lehena erregistro honi etiketa jartzen!

MARC

LEADER 00000nam a2200000Ia 4500
003 005071
005 20221231144330.0
008 140114s1991 cr a m 000 ||s d
040 |c cru CEDI 
090 |a TFG 2398 
100 |a Marin Rivera, Mario  |9 12863 
245 |a Estudio de escurrimiento y la contaminación en la cuenca de la Quebrada Seca 
260 |c 1991  |a San José, Costa Rica 
300 |a  [98] hojas : ilustraciones ; 28 cm.  
500 |a Proyecto de graduación (licenciatura en ingeniería civil)--Universidad de Costa Rica. Facultad de Ingeniería. Escuela de Ingeniería Civil 
650 |x RIO QUEBRADA SECA (COSTA RICA)   |x ESCURRIMIENTO - HEREDIA (COSTA RICA)   |9 12865 
942 |c TFG  |2 ddc 
999 |c 20281  |d 20281